00541pab a2200181 454500008004000000100001700040245005700057260000900114300001300123362001100136650002200147700001800169773003400187908000600221909001000227999001700237952010500254180718b2010 xxu||||| |||| 00| 0 eng d aMehta, Meera aA glass half full? Urban development (1990s to 2010) c2010 ap.20-23. a10 Jul aUrban development aMehta, Dinesh aEconomic and Political Weekly aN a87176 c87176d87176 00104070aIIPAbIIPAd2018-07-19hVolume no: 45, Issue no: 28pAR87636r2018-07-19w2018-07-19yAR